<?xml version="1.0" encoding="UTF-8"?>
<record
    xmlns:xsi="http://www.w3.org/2001/XMLSchema-instance"
    xsi:schemaLocation="http://www.loc.gov/MARC21/slim http://www.loc.gov/standards/marcxml/schema/MARC21slim.xsd"
    xmlns="http://www.loc.gov/MARC21/slim">

  <leader>01128nam a2200265 u 4500</leader>
  <datafield tag="999" ind1=" " ind2=" ">
    <subfield code="c">7929</subfield>
    <subfield code="d">7929</subfield>
  </datafield>
  <controlfield tag="001">991061176876706706</controlfield>
  <controlfield tag="003">OSt</controlfield>
  <controlfield tag="005">20240905144202.0</controlfield>
  <controlfield tag="008">      s2021    xx      r     000 0 cat d</controlfield>
  <datafield tag="020" ind1=" " ind2=" ">
    <subfield code="a">9788419206084</subfield>
  </datafield>
  <datafield tag="040" ind1=" " ind2=" ">
    <subfield code="b">cat</subfield>
    <subfield code="c">CDMR</subfield>
  </datafield>
  <datafield tag="100" ind1=" " ind2=" ">
    <subfield code="a">Levi, Simona</subfield>
    <subfield code="9">4964</subfield>
  </datafield>
  <datafield tag="245" ind1=" " ind2=" ">
    <subfield code="a">Digitalitzaci&#xF3; democr&#xE0;tica </subfield>
    <subfield code="b">: sobirania digital per a les persones </subfield>
    <subfield code="c">/ Simona Levi</subfield>
  </datafield>
  <datafield tag="260" ind1=" " ind2=" ">
    <subfield code="a">Barcelona : </subfield>
    <subfield code="b">Raig Verd,</subfield>
    <subfield code="c">2024</subfield>
  </datafield>
  <datafield tag="300" ind1=" " ind2=" ">
    <subfield code="a">230 p&#xE0;gines</subfield>
  </datafield>
  <datafield tag="490" ind1=" " ind2=" ">
    <subfield code="a">Ciclog&#xE8;nesi </subfield>
    <subfield code="v">; 34</subfield>
  </datafield>
  <datafield tag="505" ind1=" " ind2=" ">
    <subfield code="a">Obra basada en el treball de la mateixa autora publicat el 2021: Proposal for a Sovereign and Democratic Digitalisation of Europe (en l&#xED;nia a https://op.europa.eu/en/publication-detail/-/publication/dae77969-7812-11ec-9136-01aa75ed71a1)</subfield>
  </datafield>
  <datafield tag="650" ind1=" " ind2="0">
    <subfield code="9">3508</subfield>
    <subfield code="a">Tecnologia de la informaci&#xF3;</subfield>
    <subfield code="x">Aspectes socials</subfield>
  </datafield>
  <datafield tag="650" ind1=" " ind2="0">
    <subfield code="9">3364</subfield>
    <subfield code="a">Tecnologia de la informaci&#xF3;</subfield>
    <subfield code="x">Aspectes pol&#xED;tics</subfield>
  </datafield>
  <datafield tag="650" ind1=" " ind2="0">
    <subfield code="9">4283</subfield>
    <subfield code="a">Tecnologia de la informaci&#xF3;</subfield>
    <subfield code="x">Dret i legislaci&#xF3;</subfield>
  </datafield>
  <datafield tag="650" ind1=" " ind2="0">
    <subfield code="9">3902</subfield>
    <subfield code="a">Internet</subfield>
    <subfield code="x">Aspectes socials</subfield>
  </datafield>
  <datafield tag="650" ind1=" " ind2="0">
    <subfield code="9">3904</subfield>
    <subfield code="a">Internet</subfield>
    <subfield code="x">Aspectes pol&#xED;tics</subfield>
  </datafield>
  <datafield tag="650" ind1=" " ind2="0">
    <subfield code="9">4160</subfield>
    <subfield code="a">Internet</subfield>
    <subfield code="x">Dret i legislaci&#xF3;</subfield>
  </datafield>
  <datafield tag="942" ind1=" " ind2=" ">
    <subfield code="2">udc</subfield>
    <subfield code="c">MON</subfield>
  </datafield>
  <datafield tag="952" ind1=" " ind2=" ">
    <subfield code="0">0</subfield>
    <subfield code="1">0</subfield>
    <subfield code="4">0</subfield>
    <subfield code="7">0</subfield>
    <subfield code="a">CDMR</subfield>
    <subfield code="b">CDMR</subfield>
    <subfield code="d">2024-09-05</subfield>
    <subfield code="e">Donaci&#xF3;</subfield>
    <subfield code="g">20.00</subfield>
    <subfield code="l">2</subfield>
    <subfield code="o">Cc 5.1/38</subfield>
    <subfield code="p">CDMR24090001</subfield>
    <subfield code="r">2025-01-13</subfield>
    <subfield code="s">2025-01-07</subfield>
    <subfield code="w">2024-09-05</subfield>
    <subfield code="y">MON</subfield>
  </datafield>
</record>
